Peasantry of bengal .Ed . by Narahari Kaviraj (Record no. 691677)
[ view plain ]
| 000 -LEADER | |
|---|---|
| fixed length control field | 00701nam a2200241Ia 4500 |
| 003 - CONTROL NUMBER IDENTIFIER | |
| control field | OSt |
| 005 - DATE AND TIME OF LATEST TRANSACTION | |
| control field | 20220927105311.0 |
| 008 - FIXED-LENGTH DATA ELEMENTS--GENERAL INFORMATION | |
| fixed length control field | 220926b |||||||| |||| 00| 0 eng d |
| 037 ## - SOURCE OF ACQUISITION | |
| Terms of availability | Reference Collections |
| 040 ## - CATALOGING SOURCE | |
| Original cataloging agency | RTL |
| Transcribing agency | RTL |
| Language of cataloging | eng |
| 041 ## - LANGUAGE CODE | |
| Source of code | eng |
| Language code of text/sound track or separate title | eng |
| 100 ## - MAIN ENTRY--PERSONAL NAME | |
| Personal name | DUTT R .C . |
| 9 (RLIN) | 371520 |
| 245 #0 - TITLE STATEMENT | |
| Title | Peasantry of bengal .Ed . by Narahari Kaviraj |
| 260 ## - PUBLICATION, DISTRIBUTION, ETC. | |
| Place of publication, distribution, etc. | Culcutta |
| Name of publisher, distributor, etc. | Manisha |
| Date of publication, distribution, etc. | 1980 |
| 300 ## - PHYSICAL DESCRIPTION | |
| Extent | "Liii ,194p." |
| Dimensions | cm. |
| 500 ## - GENERAL NOTE | |
| General note | Glossary :P 189-90; Appendix :P152-88 |
| 942 ## - ADDED ENTRY ELEMENTS (KOHA) | |
| Classification part | "Y49 (J) .275, M0" |
| Koha item type | |
| Withdrawn status | Lost status | Damaged status | Not for loan | Home library | Current library | Date acquired | Total Checkouts | Full call number | Barcode | Date last seen | Price effective from | Koha item type |
|---|---|---|---|---|---|---|---|---|---|---|---|---|
| Ratan Tata Library | Ratan Tata Library | 2022-09-27 | "Y49 (J) .275 M0" | RT1329487 | 2022-09-27 | 2022-09-27 |
